Score 0/9 Timer 01:00
0 Plays Today
Clue 5-Letter Answer % Correct
Matriarch of 'The Simpsons'MARGE
95.3%
The beauty from 'Beauty and the Beast'BELLE
94.1%
'Hells ____' - AC/DC songBELLS
94%
Combine many files into oneMERGE
93.4%
First name of country singer HaggardMERLE
84.6%
Milton _____ - American television personalityBERLE
83%
• City in North Dakota and 1996 movie •• FARGO •
80.5%
First name of 'Justified' actress MartindaleMARGO
78.1%
• Former Yankee perfect game pitcher David •• WELLS •
57.2%

Today's Daily Dose

Remove Ads.
Support Sporcle.
Get the best of Sporcle when you Go Orange. This ad-free experience offers more features, more stats, and more fun while also helping to support Sporcle. Thank you for becoming a member.

You're not logged in!

Compare scores with friends on all Sporcle quizzes.
OR
Log In

Show Comments

Extras

Top Quizzes Today


Score Distribution

Your Account Isn't Verified!

In order to create a playlist on Sporcle, you need to verify the email address you used during registration. Go to your Sporcle Settings to finish the process.

Report this User

Report this user for behavior that violates our Community Guidelines.

Details: